000 00570nam a2200181 i 4500
001 38818
003 ES-MaACL
005 20250829063013.0
007 t|
008 030226s1968 sp ||||1| spa d
100 1 _aCampoamor, Ramón de,
_d1817-1901
_934232
245 1 0 _aCampoamor /
_cRamón de Campoamor ; [selección de Javier Costa Clavell].
260 _a[Barcelona :
_bRodegar,
_c1968] (
_fSocitra)
300 _a64 p. ;
_c18 cm.
700 1 _aCosta Clavell, Xavier,
_d1923-2006
_941089
852 _aES-MaACL
_jC-36254
_bR.66917
999 _c38818
_d38818